000
00229nam a2200109Ia 4500
999
_c
7229
_d
7229
020
_a
978-0023399909
100
_a
Robert M. Fulmer
245
4
_a
The New Management
260
_a
USA
_b
MacMillan
_c
1987
300
_a
526
942
_c
BK